• 首页
  • 本馆介绍
  • 公告通知
  • 最新文献
  • 馆藏检索
  • 电子资源
  • 读者导购
  • 参考咨询
  • 我的图书馆
  • 登录
  • 期刊详细显示
  • 现刊情况显示
  • 合订本情况显示
  • 篇目信息显示

期刊信息

  • 表格格式
  • 工作单格式
  • 卡片格式
索取号 
G61/ZQJY
题名 
早期教育
作者 
江苏教育报刊社
分册号 
分册名 
出版地 
南京
出版者 
早期教育编辑部
标准刊号 
1005-6017
出版频率 
月刊
中图法分类 
G61
主题词 
教育 各级
电子资源 
000 00583nas0 2200205 45
001 0737630687
005 2007090610271068
011    @a1005-6017@d¥30.00
091    @aCN32-1099/G4
100    @a20070906d km y0chiy0120 ea
101 0  @achi
200 1  @a早期教育@AZao Qi Jiao Yu@i美术版@f江苏教育报刊社@FJiang Su Jiao Yu Bao Kan She
210    @a南京@c早期教育编辑部
326    @a月刊
517 1  @a美术版@AMei Shu Ban
606 0  @a教育@x各级
690    @aG61@v4
711 02 @a江苏教育报刊社@AJiang Su Jiao Yu Bao Kan She
801  0 @aCN@bPFT@c20070906
905    @a213230@dG61@eZQJY
    
    早期教育.美术版/江苏教育报刊社.-南京:早期教育编辑部
    
    
    
    ISSN 1005-6017:¥30.00
    
●
相关链接: 在易读查询期刊 在中国知网中查询期刊 在万方数据查询期刊 在维普查询期刊
唐山师范学院图书馆 欢迎您!
大连网信软件有限公司© 版权所有